Statistics for Broadway Musicalst to Theater Quiz

Click here to take the quiz!

General Stats

  • This quiz has been taken 47 times
  • The average score is 7 of 15

Answer Stats

ShowTheater% Correct
RentNederlander
69%
A Chorus LineShubert
66%
Jersey BoysAugust Wilson
57%
Fun HomeCircle-In-The-Square
57%
CatsWinter Garden
57%
Oklahoma!St. James
49%
Sweeny ToddUris (Now the Gershwin)
49%
Mary PoppinsNew Amsterdam
46%
EvitaBroadway
43%
Billy ElliotImperial
43%
La Cage Aux FollesPalace
40%
Sunday in the Park With GeorgeBooth
37%
CamelotMajestic
37%
Guys and Dolls46th Street (Now the Richard Rogers)
23%
HairBiltmore (Now the Samuel J. Freedman)
17%

Score Distribution

Percentile by Number Answered

Percent of People with Each Score

Your Score History

You have not taken this quiz